| 000 | 00808nam a22002295i 4500 | ||
|---|---|---|---|
| 001 | 178005 | ||
| 003 | ES-MaACL | ||
| 005 | 20230906220451.0 | ||
| 008 | 110512s1963 sp f |||| | spa d | ||
| 080 | _a908(470) | ||
| 100 | 1 |
_aNazaroff, Aleksandr. _9146491 |
|
| 245 | 1 | 0 |
_aRusia _b: pueblo y costumbres / _cAlexander Nazaroff ; [traducción directa del inglés por Ricardo Clará]. |
| 250 | _a1ª ed. | ||
| 260 |
_aBarcelona : _bSayma, _c1963. |
||
| 300 |
_a222, [16] p. de lám. bl. y n. ; _c19 cm. |
||
| 490 | 1 |
_aPanoramas A-Z. La universidad en su mano ; _v19 |
|
| 651 | 4 |
_aRusia- _xDescripción. _99329 |
|
| 700 | 1 |
_aClará Camprubí, Ricardo. _938993 |
|
| 830 | 0 |
_aPanoramas A-Z. La universidad en su mano ; _v19 _9190680 |
|
| 852 |
_aES-MaACL _jE-15074 _xOlim P-269-bis |
||
| 999 |
_c178005 _d178005 |
||